Child Welfare Services (Record no. 1190770)

MARC details
000 -LEADER
fixed length control field 00690nam a2200265Ia 4500
003 - CONTROL NUMBER IDENTIFIER
control field OSt
005 - DATE AND TIME OF LATEST TRANSACTION
control field 20221007110500.0
008 - FIXED-LENGTH DATA ELEMENTS--GENERAL INFORMATION
fixed length control field 221006b |||||||| |||| 00| 0 eng d
020 ## - INTERNATIONAL STANDARD BOOK NUMBER
International Standard Book Number 0623612108
037 ## - SOURCE OF ACQUISITION
Terms of availability Textual
040 ## - CATALOGING SOURCE
Original cataloging agency LCO
Transcribing agency LCO
Language of cataloging eng
041 ## - LANGUAGE CODE
Source of code eng
Language code of text/sound track or separate title eng
100 ## - MAIN ENTRY--PERSONAL NAME
Personal name Kaudshin Alfred
9 (RLIN) 707546
245 #0 - TITLE STATEMENT
Title Child Welfare Services
250 ## - EDITION STATEMENT
Edition statement 3rd
260 ## - PUBLICATION, DISTRIBUTION, ETC.
Place of publication, distribution, etc. New
Name of publisher, distributor, etc. York Macmillan Publishing Co. U.S.A.
Date of publication, distribution, etc. 1980
300 ## - PHYSICAL DESCRIPTION
Extent 718
650 ## - SUBJECT ADDED ENTRY--TOPICAL TERM
Topical term or geographic name entry element CHILD
9 (RLIN) 297337
942 ## - ADDED ENTRY ELEMENTS (KOHA)
Classification part Y11.73, M0
Koha item type Textual
Holdings
Withdrawn status Lost status Damaged status Not for loan Home library Current library Date acquired Total Checkouts Full call number Barcode Date last seen Price effective from Koha item type
        Law Centre-I Library Law Centre-I Library 2022-10-07   Y11.73 M0 LO0630374 2022-10-07 2022-10-07 Textual
Copyright @ Delhi University Library System